| 000 | 01849nam0a2200325 4500 | ||
|---|---|---|---|
| 001 | RU\NLR\BIBL_A\022792842 | ||
| 005 | 20260426081232.0 | ||
| 010 |
_a978-5-91407-384-5 _9300 |
||
| 021 | _aRU | ||
| 035 | _a(NLR Aleph) 022792842 | ||
| 090 |
_a13698629 _c13698629 |
||
| 100 | _a20260422d2024 m y0rusy50 ca | ||
| 101 | 0 | _abua | |
| 102 | _aRU | ||
| 105 | _aac z 000yy | ||
| 200 | 1 |
_aЗалиршагүй зам _eБуряад Уласай арадай поэт Арсалан Жамбаловича Жамбалоной (Жамбаловай) 100 жэлэй ойдо зорюулагдана _fАрсалан Жамбалон _gРедактор, составитель Баярма Арсалановна Жамбалова _zbua |
|
| 210 |
_aУлаан-Үдэ _cРеспубликанская тип. _d2024 |
||
| 215 |
_a303 с _cил., портр., цв. портр. _d21 |
||
| 300 | _aНа 3-й с. авт.: Арсалан Жамбалович Жамбалон (Жамбалов), поэт, пер., журн., засл. работник культуры РСФСР, Почет. гражданин Чит. обл. | ||
| 333 | _a16+ | ||
| 541 | 1 |
_aЗалиршагүй зам _eПосвящается 100-летию со дня рождения бурятского, забайкальского, советского, российского прозаика, поэта Арсалана Жамбаловича Жамбалона (Жамбалова) 1924-2011 _zrus |
|
| 686 | 2 | _aШ5(2=Бу)64-6я44 | |
| 700 | 1 |
_4070 _7ca _8rus _aЖамбалон _bА. _f1924-2011 _gАрсалан _9119651 _3RU\NLR\AUTH\779852 |
|
| 702 | 1 |
_aЖамбалова _bБ. А. _gБаярма Арсалановна _4340 _4220 |
|
| 852 |
_aNLR _bОНЛ _jБур./3-1906 |
||
| 942 | _cBOOK | ||
| 980 | _aNBR | ||
| 980 | _aNB | ||